| 000 | 00816nab a2200253 u 4500 | ||
|---|---|---|---|
| 001 | 19251 | ||
| 003 | HDC | ||
| 007 | cr bn ---aaaaa | ||
| 008 | 210228c20100620xx dr|noo 0 a eng d | ||
| 040 | _aHDC | ||
| 245 | 0 | _aPhilippines' halal initiatives take world stage | |
| 260 |
_a[No place] : _b[publisher not identified], _c2010 |
||
| 300 | _a1 online resource | ||
| 336 |
_atext _2rdacontent |
||
| 337 |
_acomputer _2rdamedia |
||
| 338 |
_aonline resource _2rdacarrier |
||
| 650 |
_ahalal industry _9144 |
||
| 650 |
_ahalal initiatives _96312 |
||
| 710 | _aHalal Focus | ||
| 856 | _zRequest full-text at [email protected] | ||
| 942 | _2lcc | ||
| 942 | _cNEWS | ||
| 942 | _kNWSO 006190 | ||
| 999 |
_c16567 _d16567 |
||